Statistics for Countries that sell citizenship

Click here to take the quiz!

General Stats

  • This quiz has been taken 17 times
  • The average score is 14 of 24

Answer Stats

Continent Country % Correct
North AmericaCanada
93%
EuropeFrance
86%
EuropeIreland
79%
North AmericaUnited States of America
79%
EuropeUnited Kingdom
79%
OceaniaAustralia
79%
OceaniaNew Zealand
71%
EuropeSpain
71%
EuropeGreece
64%
EuropePortugal
57%
North AmericaAntigua and Barbuda
57%
EuropeHungary
57%
North AmericaSaint Lucia
57%
North AmericaDominica
57%
North AmericaSaint Kitts and Nevis
57%
North AmericaGrenada
50%
EuropeSwitzerland
43%
EuropeLatvia
43%
EuropeBulgaria
43%
AsiaSingapore
36%
EuropeCyprus
36%
EuropeMalta
29%
OceaniaVanuatu
29%
AfricaComoros
14%

Score Distribution

Percentile by Number Answered

Percent of People with Each Score

Your Score History

You have not taken this quiz